Anton Chekhovs Short Stories / (Record no. 187338)
[ view plain ]
| 000 -LEADER | |
|---|---|
| fixed length control field | 01136 a2200157 4500 |
| 003 - CONTROL NUMBER IDENTIFIER | |
| control field | Nust |
| 005 - DATE AND TIME OF LATEST TRANSACTION | |
| control field | 20230125101632.0 |
| 040 ## - CATALOGING SOURCE | |
| Transcribing agency | Nust |
| 082 ## - DEWEY DECIMAL CLASSIFICATION NUMBER | |
| Classification number | 891.733,CHE |
| 245 ## - TITLE STATEMENT | |
| Title | Anton Chekhovs Short Stories / |
| Statement of responsibility, etc. | Ralph E. Matlaw |
| 260 ## - PUBLICATION, DISTRIBUTION, ETC. | |
| Place of publication, distribution, etc. | London |
| Name of publisher, distributor, etc. | Norton Cop |
| Date of publication, distribution, etc. | 1979 |
| 300 ## - PHYSICAL DESCRIPTION | |
| Extent | xi,369,p.; |
| 505 ## - FORMATTED CONTENTS NOTE | |
| Formatted contents note | Chameleon (Page-1), Oysters (Page-2), A Living Chronology (Page-6), The Huntsman (Page-8), Misery (Page-11), The Requiem (Page-15), Anyuta (Page-20), Agatha (Page-20) Agatha (Page-23), Grisha (Page-31), A Gentleman Friend (Page-34), The Chorus Girl (Page-37), Dreams (Page-37), Vanka (Page-49), The Siren Song (Page-60), Sleepy (Page-64), The Grasshopper (Page-69), The Student (Page-106), Whitebrow (Page-128), Anna on the Neck (Page-133), The House with the Mansard (Page-143), A journey by Cart (Page-167), Gooseberries (Page-185), A Doctor’s Visit (Page-202), The Darling (Page-211), The Lady with the Dog (Page-221), The Bishop (Pge-235), The Betrothed (Page-247), Selection from Chekhov Letters (Page-267), Maxim Gorky (Page-276), Criticism D. S. Mirsky( Page-291). |
| 650 ## - SUBJECT ADDED ENTRY--TOPICAL TERM | |
| Topical term or geographic name entry element | Short Stories |
| 9 (RLIN) | 1396 |
| 942 ## - ADDED ENTRY ELEMENTS (KOHA) | |
| Source of classification or shelving scheme | |
| Koha item type | Book |
| Withdrawn status | Lost status | Source of classification or shelving scheme | Damaged status | Not for loan | Permanent Location | Current Location | Shelving location | Date acquired | Full call number | Barcode | Date last seen | Price effective from | Koha item type | Public note |
|---|---|---|---|---|---|---|---|---|---|---|---|---|---|---|
| Military College of Signals (MCS) | Military College of Signals (MCS) | General Stacks | 12/12/2016 | 891.733,CHE | MCS31583 | 12/08/2016 | 12/12/2016 | Book | Almirah No.58, Shelf No.2 |
